01746nam a2200349 i 4500003000900000005001700009008004100026017001100067040004600078041000800124082002800132092000700160099004300167100004600210245008900256250003200345264007100377300003000448336002200478337002400500338003300524504006100557546004100618650009700659856005700756905000700813942001900820999001700839952018000856952018001036952018001216EG-GICUC20260121101532.0251222s1982    ua ||||fr|||| 00| 0 ara d  a824361  a EG-GICUCbarac EG-GICUCd EG-GICUCerda0 aara04221a345.665bع ب . ح04221  aLaw1 07	345.665	ع ب . ح 3 ed - 19820 aعبد المنعم حسنىeمؤلف.12aالحجز الإدارى ( علما وعملا ) /cعبد المنعم حسنى.  aالطبعة الثالثة 1aالقاهرة : bمدونة التشريع والقضاء,c1982  a838 ؛ صفحةc24 سم.  2rda contentatext  2rda mediaaComputer  2rda carrieraOnline Resource  aيحتوي على ارجاعات ببليوجرافية
  aالنص باللغة العربية14aالتنفيذ المباشر للقرار الإداريxالقانون الإداري40uhttps://fll.law.cu.edu.eg/fulltext/bks/B07-01505.pdf  a75  2ddccBKe21n0  c52153d52153  00102ddc40718القانون الإداريaCUbLAW1d2025-12-22l0oLaw1 07	345.665	ع ب . ح 3 ed - 1982 0701505	C1pB07-01505r2025-12-22 14:47:30t1w2025-12-22yBK  00102ddc40708القانون الإداريaCUbLAW1d2025-12-22l0oLaw1 07	345.665	ع ب . ح 3 ed - 1982 0701506	C2pB07-01506r2025-12-22 14:47:45t2w2025-12-22yBK  00102ddc40708القانون الإداريaCUbLAW2d2026-01-13l0oLaw2 07	345.665	ع ب . ح 3 ed - 1982 0702152 C3pB07-02152r2026-01-13 04:43:21t3w2026-01-13yBK